<?xml version="1.0" encoding="UTF-8"?>
<collection xmlns="http://www.loc.gov/MARC21/slim">
 <record>
  <leader>04223nam a2200493Ia 4500</leader>
  <controlfield tag="001">000154348</controlfield>
  <controlfield tag="003">UtOrBLW</controlfield>
  <controlfield tag="005">20220505203343.0</controlfield>
  <controlfield tag="005">20140116123515.0</controlfield>
  <controlfield tag="006">m     o  d</controlfield>
  <controlfield tag="007">cr un|||||||||</controlfield>
  <controlfield tag="008">140116s2013    enk     o     010 0 eng d</controlfield>
  <datafield tag="STA" ind1=" " ind2=" ">
   <subfield code="a">NEZPRACOVANÝ IMPORT</subfield>
  </datafield>
  <datafield tag="020" ind1=" " ind2=" ">
   <subfield code="a">9781781907535 (electronic bk.) :</subfield>
   <subfield code="c">£82.95 ; &lt;U+0080&gt;121.95 ; $154.95</subfield>
  </datafield>
  <datafield tag="050" ind1=" " ind2=" ">
   <subfield code="a">HB172.5</subfield>
   <subfield code="b">.V37 2013</subfield>
  </datafield>
  <datafield tag="072" ind1=" " ind2=" ">
   <subfield code="a">KCH</subfield>
   <subfield code="2">bicssc</subfield>
  </datafield>
  <datafield tag="072" ind1=" " ind2=" ">
   <subfield code="a">KC</subfield>
   <subfield code="2">bicssc</subfield>
  </datafield>
  <datafield tag="072" ind1=" " ind2=" ">
   <subfield code="a">BUS021000</subfield>
   <subfield code="2">bisacsh</subfield>
  </datafield>
  <datafield tag="080" ind1=" " ind2=" ">
   <subfield code="a">330</subfield>
  </datafield>
  <datafield tag="082" ind1=" " ind2=" ">
   <subfield code="a">339</subfield>
   <subfield code="2">23</subfield>
  </datafield>
  <datafield tag="245" ind1=" " ind2=" ">
   <subfield code="a">VAR models in macroeconomics</subfield>
   <subfield code="h">[elektronický zdroj] :</subfield>
   <subfield code="b">new developments and applications : essays in honor of Christopher A. Sims /</subfield>
   <subfield code="c">edited by Thomas B. Fomby, Lutz Kilian, Anthony Murphy.</subfield>
  </datafield>
  <datafield tag="260" ind1=" " ind2=" ">
   <subfield code="a">Bingley, U.K. :</subfield>
   <subfield code="b">Emerald,</subfield>
   <subfield code="c">2013.</subfield>
  </datafield>
  <datafield tag="300" ind1=" " ind2=" ">
   <subfield code="a">1 online resource (xxi, 427 p.)</subfield>
  </datafield>
  <datafield tag="490" ind1=" " ind2=" ">
   <subfield code="a">Advances in econometrics,</subfield>
   <subfield code="x">0731-9053 ;</subfield>
   <subfield code="v">v. 32</subfield>
  </datafield>
  <datafield tag="505" ind1=" " ind2=" ">
   <subfield code="a">The relationship between DSGE and VAR models / Raffaella Giacomini -- Do DSGE models forecast more accurately out-of-sample than VAR models? / Refet S. Gürkaynak, Burçin Kisacikoglu, Barbara Rossi -- Unit roots, cointegration, and pretesting in Var models / Nikolay Gospodinov, Ana María Herrera, Elena Pesavento -- Evaluating the accuracy of forecasts from vector autoregressions / Todd E. Clark, Michael W. McCracken -- Identifying structural vector autoregressions via changes in volatility / Helmut Lütkepohl -- Panel vector autoregressive models : a survey / Fabio Canova, Matteo Ciccarelli -- Mixed-frequency vector autoregressive models / Claudia Foroni, Eric Ghysels, Massimiliano Marcellino -- Thresholds and smooth transitions in vector autoregressive models / Kirstin Hubrich, Timo Teräsvirta -- Nonparametric vector autoregressions : specification, estimation, and inference / Ivan Jeliazkov -- Testing for common cycles in non-stationary VARs with varied frequency data / Thomas B. Götz, Alain Hecq, Jean-Pierre Urbain -- Multivariate dynamic probit models : an application to financial crises mutation / Bertrand Candelon ... [et al.] -- Multivariate dynamic probit models : an application to financial crises mutation / Bertrand Candelon ... [et al.].</subfield>
  </datafield>
  <datafield tag="520" ind1=" " ind2=" ">
   <subfield code="a">Vector autoregressive (VAR) models are among the most widely used econometric tools in the fields of macroeconomics and financial economics. Much of what we know about the response of the economy to macroeconomic shocks and about how various shocks have contributed to the evolution of macroeconomic and financial aggregates is based on VAR models. VAR models also have been used successfully for economic and business forecasting, for modeling risk and volatility, and for the construction of forecast scenarios. Since the introduction of VAR models by C.A. Sims in 1980, the VAR methodology has continuously evolved. Even today important extensions and reinterpretations of the VAR framework are being developed. Examples include VAR models for mixed-frequency data, VAR models as approximations to DSGE models, factor-augmented VAR models, new tools for the identification of structural shocks in VAR models, panel VAR approaches, and time-varying parameter VAR models. This volume collects contributions from some of the leading VAR experts in the world on VAR methods and applications. Each paper highlights and synthesizes a new development in this literature in a way that is accessible to practitioners, to graduate students, and to readers in other fields.</subfield>
  </datafield>
  <datafield tag="588" ind1=" " ind2=" ">
   <subfield code="a">Print version record</subfield>
  </datafield>
  <datafield tag="650" ind1=" " ind2=" ">
   <subfield code="a">Business &amp; Economics</subfield>
   <subfield code="x">Econometrics.</subfield>
   <subfield code="2">bisacsh</subfield>
  </datafield>
  <datafield tag="650" ind1=" " ind2=" ">
   <subfield code="a">Econometrics.</subfield>
   <subfield code="2">bicssc</subfield>
  </datafield>
  <datafield tag="650" ind1=" " ind2=" ">
   <subfield code="a">Economics.</subfield>
   <subfield code="2">bicssc</subfield>
  </datafield>
  <datafield tag="650" ind1=" " ind2=" ">
   <subfield code="a">Macroeconomics</subfield>
   <subfield code="x">Mathematical models.</subfield>
  </datafield>
  <datafield tag="700" ind1=" " ind2=" ">
   <subfield code="a">Sims, Christopher A.</subfield>
  </datafield>
  <datafield tag="700" ind1=" " ind2=" ">
   <subfield code="a">Fomby, Thomas B.</subfield>
  </datafield>
  <datafield tag="700" ind1=" " ind2=" ">
   <subfield code="a">Kilian, Lutz.</subfield>
  </datafield>
  <datafield tag="700" ind1=" " ind2=" ">
   <subfield code="a">Murphy, Anthony,</subfield>
   <subfield code="d">1957-</subfield>
  </datafield>
  <datafield tag="776" ind1=" " ind2=" ">
   <subfield code="z">9781781907528</subfield>
  </datafield>
  <datafield tag="830" ind1=" " ind2=" ">
   <subfield code="a">Advances in econometrics ;</subfield>
   <subfield code="v">v. 32.</subfield>
  </datafield>
  <datafield tag="856" ind1="4" ind2="0">
   <subfield code="u">https://www.emerald.com/insight/publication/doi/10.1108/S0731-9053(2013)32</subfield>
   <subfield code="y">Plný text</subfield>
  </datafield>
  <datafield tag="856" ind1="4" ind2="2">
   <subfield code="u">https://knihovna.vse.cz/zdroje/emerald-ebooks/</subfield>
   <subfield code="y">Informace o práci s e-knihami</subfield>
  </datafield>
  <datafield tag="BAS" ind1=" " ind2=" ">
   <subfield code="a">EMERALD</subfield>
  </datafield>
  <datafield tag="BAS" ind1=" " ind2=" ">
   <subfield code="a">EB</subfield>
  </datafield>
  <datafield tag="993" ind1=" " ind2=" ">
   <subfield code="x">NEPOSILAT</subfield>
   <subfield code="y">EB</subfield>
  </datafield>
 </record>
</collection>
